|
|
|
|
| LEADER |
00000nab a2200000 a 4500 |
| 001 |
vtls001018632 |
| 003 |
SK-MaSNL |
| 005 |
20260304225226.0 |
| 008 |
190925e19990000xo 0 slo |
| 035 |
|
|
|a SN4572
|
| 040 |
|
|
|a SNSK
|b slo
|c SNSK
|e AACR2
|
| 041 |
0 |
|
|a slo
|
| 044 |
|
|
|a xo
|c SK
|
| 080 |
|
|
|a 502.3
|2 1981
|
| 245 |
0 |
0 |
|a Ocenení Spišiaci
|
| 610 |
2 |
7 |
|a Európska únia
|2 SNSK
|9 29861
|
| 650 |
0 |
7 |
|a životné prostredie
|2 SNSK
|9 786
|
| 650 |
0 |
7 |
|a xxy
|2 SNSK
|9 88208
|
| 650 |
0 |
7 |
|a informácie
|2 SNSK
|9 1285
|
| 651 |
|
7 |
|a Spišská Nová Ves (Slovensko)
|2 SNSK
|9 28800
|
| 651 |
|
7 |
|a SN,
|2 SNSK
|9 1021277
|
| 655 |
|
7 |
|a periodikum
|2 snkbucl
|9 29553
|
| 710 |
|
|
|a Európska únia
|4 aut
|9 29861
|
| 773 |
0 |
8 |
|t Profil, č.51 (1999), s. 12
|
| 852 |
|
|
|a ZVYKNI
|b KIS3GCP
|
| 999 |
|
|
|c 3176331
|d 3178261
|